00740cam a2200205 a 450000100100000000500170001000800410002704000250006808200180009310000470011124500460015826000350020430000210023949000340026065000300029465000340032483000400035895201210039899900150051900000165320200929145642.0750120s1963 ag 000 f spa d aDO-SdBNPbspacBNPHU aG863.4bA859m1 aAsturias, Miguel Ángel,d1899-19749539110aMulata de tal /cMiguel Ángel Asturias. aBuenos Aires :bLosada,c1963. a280 p. ;c21 cm.1 aNovelistas de nuestra época 4aNovela guatemalteca95392 4aLiteratura guatemalteca95393 0aNovelistas de nuestra época95394 001054708MOaGRbGRcHDd2009-09-09iLF1l0oG863.4 A859mp1653-10r2020-06-25w2020-06-25y4ZPréstamo en sala c1540d1540